000 01109cad a22002655a 4500
001 L156914
008 120730e20120217xxkd f s 000 0 eng d
035 _a(Sirsi) u156914
041 0 _aeng
110 2 _aRoyal Institution of Chartered Surveyors
_bEconomics
_95033
245 0 0 _aRICS global real estate weekly
_b1 June 2012
_h[electronic resource]
260 _aLondon
_bRICS
_c2012
490 0 _aRICS Global Real Estate Weekly
_v1 June 2012
520 _a50% chance of an European Central Bank cut next week, no chance of a property recovery this year. Canadian housing sector shows no sign of slowing. New measures to support Korean property market possible. Australian housing market to glean some support from rate cuts.
590 _aKA
650 2 4 _aRICS GLOBAL REAL ESTATE WEEKLY
651 4 _aEurope
651 4 _aCanada
651 4 _aKorea
651 4 _aAustralia
690 _aCommercial property
_96227
690 _aResidential property
_96266
856 4 0 _uhttps://www.rics.org/site/download_feed.aspx?fileID=12041&fileExtension=PDF
_zView the report at www.rics.org
942 _n0
999 _c114484
_d114484